Normal view
MARC view
- CaƱonera, Via O.
Entry Personal Name
001 - CONTROL NUMBER
- control field: 34996
003 - CONTROL NUMBER IDENTIFIER
- control field: OSt
005 - DATE AND TIME OF LATEST TRANSACTION
- control field: 20190124110457.0
008 - FIXED-LENGTH DATA ELEMENTS
- fixed length control field: 190124|| aca||aabn | a|a d
040 ## - CATALOGING SOURCE
- Original cataloging agency: OSt
- Transcribing agency: OSt
100 ## - HEADING--PERSONAL NAME
- Personal name: CaƱonera, Via O.
670 ## - SOURCE DATA FOUND
- Source citation: Work cat.: (OSt): Matas, Camille Gay C. 34993, Preperensyang estilo sa pag-aaral at akademikong pagganap ng mga mag-aaral sa ika-10 taong ng Digos City national high school /, October 2018.
